| 000 | 00397 a2200145 4500 | ||
|---|---|---|---|
| 001 | 32497 | ||
| 082 | _a621.3815 GRA | ||
| 090 |
_c21765 _d21765 |
||
| 100 | _aGray, Paul R | ||
| 245 |
_aAnalysis and Design of Analog Integrated Circuits, 3rd Ed _cPaul R Gray |
||
| 250 | _a3 | ||
| 260 |
_aN.Y _bJohn Wiley _c1993 |
||
| 300 |
_axiv, 806p _bphotocopy |
||
| 500 | _aBE textbook Avionics Engg dept | ||
| 942 |
_aNUST-CAE _k621.3815 GRA |
||
| 999 |
_c267570 _d267570 |
||